Invertebrates Alphabet Quiz - Statistics

General Stats
  • This quiz has been taken 40 times
  • The average score is 14 of 26
Answer Stats
Letter Clue Answer % Correct
A This animal is best known for its symbiotic relationship with clown fish. Anemone
87%
J A soft-bodied sea creature that can sting you even after it's dead. Jellyfish
87%
H A crustacean known for using discarded shells of other animals. Hermit Crab
81%
O Pearls are harvested from this animal. Oyster
81%
C A creature with dozens of legs and poisonous pinchers. Centipede
77%
K This small marine crustacean is the main prey of baleen whales. Krill
77%
L A large, strong crustacean that swims backwards with its tail. Lobster
77%
U A living ball of spikes. Urchin
77%
G A massive deep-sea cephalopod. Giant Squid
71%
E A tiny, slimy, snake-like creature that lives in the dirt. Earthworm
68%
N A cephalopod with a shell. Nautilus
68%
S This animal will not only regrow its arm if it loses it, but that arm might even grow a new body. Starfish
65%
B A shell-less yellow land mollusk named after a fruit. Banana Slug
58%
D A deep-sea cephalopod named after an elephant. Dumbo Octopus
55%
T This microscopic animal can survive in virtually any environment, even the vacuum of space. Tardigrade
55%
M A cephalopod that copies other animals as a defense mechanism. Mimic Octopus
52%
V This deep-sea cephalopod shoots bioluminescent mucus rather than ink. Vampire Squid
52%
P This tiny crustacean can make a sound louder than a blue whale with the snap of its claw. Pistol Shrimp
48%
I A stinging sea creature that does not die of old age, but rather repeats its life cycle over and over again until it's killed. Immortal Jellyfish
42%
F This crustacean is well-known for its asymmetrically-sized appendages. Fiddler Crab
39%
R A land crustacean that curls up into a ball as a defence mechanism. Rollie Pollie
39%
Q The official state shellfish of Rhode Island. I'm not even joking. Quahog
23%
Y A deep-sea crustacean which harvests bacteria from thermal vents. Yeti Crab
23%
W A land-dwelling mollusk from around the Mediterranean. It is NOT black and can be found around homes. (This one's really hard to think of a clue for, I'm doing my best!) White Garden Snail
19%
Z A species of marine gastropod whose name means "west wind" in Greek. Zephyra Nudibranch
13%
X This land-dwelling species of shelled, slow-moving land mollusk whose name means "very dry" and "hardened tree sap". (It was hard to find an invertebrate whose name starts with 'x', ok?) Xeric Ambersnail
6%
No matching quizzes found
Score Distribution
Percent of People with Each Score
Percentile by Number Answered
Your Score History
You have not taken this quiz